Occupation by Rubber Ducky II Quiz Stats

 Plays Quiz Updated Feb 17, 2018

Challenge
Share
Tweet
Score 0/25 Timer 05:00
2 Plays Today
% Correct
Physician
99.5%
Cowboy
96.7%
Bishop
94.4%
Elvis Impersonator
94.1%
Painter
94.1%
Sailor
93.2%
Nun
92.9%
Knight
91.5%
Queen Regnant
91.2%
Burglar
90.4%
Drummer
88.1%
Lifeguard
87.4%
Guitarist
86.8%
% Correct
Croupier
86.4%
Football Player
84.6%
Mason
83.7%
Disc Jockey
82.5%
Referee
80.8%
Miner
78.7%
Waste Collector
76.5%
Dentist
76.1%
Judge
75.4%
Stage Magician
74.8%
Sheriff
74.8%
Rabbi
72.9%

You're not logged in!

Compare scores with friends on all Sporcle quizzes.
OR
Log In

You Might Also Like...

Show Comments

Extras

Top Quizzes Today


Score Distribution

Your Account Isn't Verified!

In order to create a playlist on Sporcle, you need to verify the email address you used during registration. Go to your Sporcle Settings to finish the process.

Report this User

Report this user for behavior that violates our Community Guidelines.

Details: